000
00247nam a2200097Ia 4500
001
1153646
005
20250827011129.0
008
250824s9999 xx 000 0 und d
245
0
_a
ÖLÜMDEN BETER
_c
ÇAĞATAY KÜPÇÜ
260
_b
DESTEK YAYINLARI
999
_c
1153646
_d
1153646